¿Hay que librarse de la Iglesia? / (Record no. 46740)

MARC details
000 -LEADER
campo de control de longitud fija 00702nam a2200205 i 4500
001 - NÚMERO DE CONTROL
campo de control 46740
003 - IDENTIFICADOR DE NÚMERO DE CONTROL
campo de control ES-MaACL
005 - FECHA Y HORA DE LA ÚLTIMA TRANSACCIÓN
campo de control 20250824221154.0
007 - CAMPO FIJO DE DESCRIPCIÓN FÍSICA--INFORMACIÓN GENERAL
campo de control de longitud fija t|
008 - DATOS DE LONGITUD FIJA--INFORMACIÓN GENERAL
campo de control de longitud fija 030331s1965 sp ||||1| spa d
100 1# - ENTRADA PRINCIPAL--NOMBRE DE PERSONA
Nombre de persona Coninck, A. de.
9 (RLIN) 40187
245 11 - MENCIÓN DEL TÍTULO
Título ¿Hay que librarse de la Iglesia? /
Mención de responsabilidad, etc. A. de Coninck ; [lo tradujo al español E. Molina Campos].
260 ## - PUBLICACIÓN, DISTRIBUCIÓN, ETC.
Lugar de publicación, distribución, etc. Madrid :
Nombre del editor, distribuidor, etc. Cristiandad,
Fecha de publicación, distribución, etc. [1965]
300 ## - DESCRIPCIÓN FÍSICA
Extensión 174 p. ;
Dimensiones 19 cm.
490 1# - MENCIÓN DE SERIE
Mención de serie Los libros del monograma. Colección Cristianismo y hombre actual ;
Designación de volumen o secuencia 58
700 1# - ENTRADA AGREGADA--NOMBRE PERSONAL
Nombre de persona Molina Campos, Enrique.
9 (RLIN) 81917
830 04 - PUNTO DE ACCESO ADICIONAL DE SERIE-TÍTULO UNIFORME
Título uniforme Los libros del monograma
Designación de volumen o secuencia 58
9 (RLIN) 183512
852 ## - LOCALIZACIÓN
Ubicación ES-MaACL
Número de control de estantería C-27713
Sublocalización o colección R.57065
Holdings
Estatus retirado Estado de pérdida Estado de daño No para préstamo Biblioteca de origen Biblioteca actual Ubicación en estantería Fecha de adquisición Fuente de adquisición Total de préstamos Signatura topográfica completa Código de barras Visto por última vez Precio de reemplazo Tipo de ítem Koha
        Biblioteca del Ateneo de Madrid Biblioteca del Ateneo de Madrid Depósito 2 17/01/2008     C-27713 1049161 23/02/2023 23/02/2023 Libro impreso